Statistics for American History

Click here to take the quiz!

General Stats

  • This quiz has been taken 60 times
  • The average score is 10 of 15

Answer Stats

QuestionAnswer% Correct
What year did the United States gain its independence?1776
96%
What terrorist organization was behind the 9/11 attacks?Al-qaeda
91%
Who was the second president of the United States?John Adams
89%
The United States' first allyFrance
81%
What is the 50th US state?Hawaii
81%
What state produces the most oil?Texas
72%
What state was the first to join the CSA (Confederacy) during the American civil war?South Carolina
70%
What year did the American Civil War start?1861
63%
What year did the USA join WWI?1917
59%
What year was the Spanish-American war fought?1898
57%
What is the United States' number one trade partner?China
57%
What war featured operation rolling thunder?Vietnam War
57%
What country, outside the US, did the Teller amendment refer to?Cuba
50%
What was the final battle of the American Revolutionary War?Battle of Yorktown
37%
South American country the USA supported a coup against in 1973Chile
31%

Score Distribution

Percentile by Number Answered

Percent of People with Each Score

Your Score History

You have not taken this quiz